000 00319nam a22001337a 4500
008 180316b xxu||||| |||| 00| 0 eng d
020 _a0849324440
041 _aeng
080 _aR 004
100 _a39
101 _aREF
245 _aThe computer and information science and technology
_cSouth,D.W
942 _2udc
_cBK
999 _c45252
_d45252